01500nam a2200229 i 4500003000900000005001700009007000300026008004100029020001800070040003000088082001800118100003000136245004600166264004900212300002800261336002700289337003300316338002800349500002600377520084100403521002601244DO-SdBNP20250529143749.0ta250529b2024 dr ||||| |||| 00| 0 spa d a9789945649314 aDO-SdBNPbspacBNPHUerda axxxbH5622221 aHerots, Johneautor4aut.10aManifiesta tu perra divina /cJohn Herots aSanto Domingo :bImpreso Printbarato,c2024. a201 páginas ;c22 cm. atextobtxt2rdacontent asin mediaciónbn2rdamedia avolumenbnc2rdacarrier aLibro en pasta dura.  aEsta obra esencial ofrece una guía paso a paso hacia la transformación personal. Basado en una investigación exhaustiva y experiencias reales, el libro proporciona herramientas prácticas para que las mujeres exploren su sexualidad de manera íntima y significativa. Cada página ofrece una invitación a un viaje de descubrimiento personal, revelando secretos sobre la anatomía, la salud sexual y el poder del deseo femenino. Similar a cómo una novela puede desdibujar la línea entre la verdad y la ficción, este libro desafía las convenciones sociales y abre nuevas perspectivas sobre la sexualidad. Las lectoras encontrarán no solo conocimiento, sino también la promesa de una transformación íntima y poderosa. Es el momento de dejar atrás el silencio y reclamar una vida sexual plena y satisfactoria. aFormación adultos.